Lo que no te mata te hace más fuerte / (Registro nro. 30959)
[ vista simple ]
| 000 -LEADER | |
|---|---|
| fixed length control field | 00954nam a22002537a 4500 |
| 003 - CONTROL NUMBER IDENTIFIER | |
| control field | OSt |
| 005 - DATE AND TIME OF LATEST TRANSACTION | |
| control field | 20250408101341.0 |
| 008 - FIXED-LENGTH DATA ELEMENTS--GENERAL INFORMATION | |
| fixed length control field | 250408b |||||||| |||| 00| 0 spa d |
| 020 ## - INTERNATIONAL STANDARD BOOK NUMBER | |
| International Standard Book Number | 9788423349784 (Ediciones Destino) |
| 020 ## - INTERNATIONAL STANDARD BOOK NUMBER | |
| International Standard Book Number | 9789584246011 (Editorial Planeta Colombiana) |
| 020 ## - INTERNATIONAL STANDARD BOOK NUMBER | |
| International Standard Book Number | 9584246011 (Editorial Planeta Colombiana) |
| 037 ## - SOURCE OF ACQUISITION | |
| Source of stock number/acquisition | Donación |
| 040 ## - CATALOGING SOURCE | |
| Original cataloging agency | CO-JMCR |
| Language of cataloging | spa |
| Transcribing agency | CO-JMCR |
| Modifying agency | CO-JMCR |
| Description conventions | rda |
| 041 1# - LANGUAGE CODE | |
| Language code of text/sound track or separate title | spa |
| Language code of original | swe |
| 082 04 - DEWEY DECIMAL CLASSIFICATION NUMBER | |
| Classification number | A-N |
| Item number | L17l |
| Edition number | 23 |
| 100 1# - MAIN ENTRY--PERSONAL NAME | |
| Personal name | Lagercrantz, David, |
| Dates associated with a name | 1962- |
| 9 (RLIN) | 7541 |
| 245 30 - TITLE STATEMENT | |
| Title | Lo que no te mata te hace más fuerte / |
| Statement of responsibility, etc. | David Lagercrantz ; traducción de Martin Lexell, Juan José Ortega Román. |
| 260 ## - PUBLICATION, DISTRIBUTION, ETC. | |
| Place of publication, distribution, etc. | Bogotá : |
| Name of publisher, distributor, etc. | Editorial Planeta Colombiana, |
| Date of publication, distribution, etc. | 2015. |
| 300 ## - PHYSICAL DESCRIPTION | |
| Extent | 651 páginas ; |
| Dimensions | 23 cm. |
| 534 ## - ORIGINAL VERSION NOTE | |
| Introductory phrase | Título original : |
| Title statement of original | Det som inte dödar oss. |
| 700 1# - ADDED ENTRY--PERSONAL NAME | |
| Personal name | Lexell, Martin, |
| Dates associated with a name | 1961- |
| Relator term | traductor. |
| 9 (RLIN) | 44101 |
| 700 1# - ADDED ENTRY--PERSONAL NAME | |
| Personal name | Ortega Román, Juan José, |
| Relator term | traductor. |
| 9 (RLIN) | 43294 |
| 942 ## - ADDED ENTRY ELEMENTS (KOHA) | |
| Source of classification or shelving scheme | Dewey Decimal Classification |
| Koha item type | Books |
| Withdrawn status | Lost status | Source of classification or shelving scheme | Damaged status | Not for loan | Collection code | Home library | Current library | Shelving location | Date acquired | Source of acquisition | Total Checkouts | Full call number | Barcode | Date last seen | Copy number | Price effective from | Koha item type |
|---|---|---|---|---|---|---|---|---|---|---|---|---|---|---|---|---|---|
| Dewey Decimal Classification | Fiction | Biblioteca Pública José María del Castillo y Rada | Biblioteca Pública José María del Castillo y Rada | Book Cart | 03/19/2025 | Donación | A-N L17l | 201812366 | 04/08/2025 | Ej.1 | 04/08/2025 | Books |